00765nam a22002057a 4500003000500000005001700005008004100022010001000063011001000073035001000083040000900093082001700102110004800119245015600167260011400323300001500437650004400452650004200496650002100538CHAP20220329134912.0971013s1964 r 00010 d a27783 a28755 a32864 cCHAP a338.91bC65o aConsejo Interamericano Económico y Social aOrganismos de planificación y planes de desarrollo en la América Latina. Planificación del desarrollo económico y social en la América Latina aWashington :bInstituto de Desarrollo Económico. Banco Internacional de Reconstrucción y Fomento,c(1964) a119, 40 p.14aAmerica LatinaxCondiciones economicas.14aAmerica LatinaxCondiciones sociales.14aPlanificación.